Départements Français (séquence, aveugle, mort subite) - Statistiques

Statistiques générales
  • Ce quiz a été pris 54 fois
    53 depuis la dernière actualisation
  • Le résultat moyen est 9 sur 101
Statistiques - réponses
Numéro Départements % Correct
01 Ain
100%
02 Aisne
79%
03 Allier
74%
04 Alpes-de-Haute-Provence
44%
05 Hautes-Alpes
38%
06 Alpes-Maritimes
32%
07 Ardèche
32%
08 Ardennes
32%
09 Ariège
26%
10 Aube
26%
11 Aude
26%
12 Aveyron
26%
13 Bouches-du-Rhône
26%
14 Calvados
24%
15 Cantal
24%
16 Charente
21%
17 Charente-Maritime
15%
18 Cher
15%
19 Corrèze
15%
2A Corse-du-Sud
15%
2B Haute-Corse
15%
21 Côte-d'Or
12%
22 Côtes-d'Armor
9%
23 Creuse
9%
24 Dordogne
6%
67 Bas-Rhin
3%
25 Doubs
3%
26 Drôme
3%
27 Eure
3%
28 Eure-et-Loir
3%
29 Finistère
3%
30 Gard
3%
32 Gers
3%
33 Gironde
3%
31 Haute-Garonne
3%
43 Haute-Loire
3%
52 Haute-Marne
3%
65 Hautes-Pyrénées
3%
68 Haut-Rhin
3%
34 Hérault
3%
35 Ille-et-Vilaine
3%
36 Indre
3%
37 Indre-et-Loire
3%
38 Isère
3%
39 Jura
3%
40 Landes
3%
42 Loire
3%
44 Loire-Atlantique
3%
45 Loiret
3%
41 Loir-et-Cher
3%
46 Lot
3%
47 Lot-et-Garonne
3%
48 Lozère
3%
49 Maine-et-Loire
3%
50 Manche
3%
51 Marne
3%
53 Mayenne
3%
54 Meurthe-et-Moselle
3%
55 Meuse
3%
56 Morbihan
3%
57 Moselle
3%
58 Nièvre
3%
59 Nord
3%
60 Oise
3%
61 Orne
3%
62 Pas-de-Calais
3%
63 Puy-de-Dôme
3%
64 Pyrénées-Atlantiques
3%
66 Pyrénées-Orientales
3%
69 Rhône
3%
79 Deux-Sèvres
0%
91 Essonne
0%
971 Guadeloupe
0%
973 Guyane
0%
70 Haute-Saône
0%
74 Haute-Savoie
0%
87 Haute-Vienne
0%
92 Hauts-de-Seine
0%
974 La Réunion
0%
972 Martinique
0%
976 Mayotte
0%
75 Paris
0%
71 Saône-et-Loire
0%
72 Sarthe
0%
73 Savoie
0%
77 Seine-et-Marne
0%
76 Seine-Maritime
0%
93 Seine-Saint-Denis
0%
80 Somme
0%
81 Tarn
0%
82 Tarn-et-Garonne
0%
90 Territoire de Belfort
0%
94 Val-de-Marne
0%
95 Val-d'Oise
0%
83 Var
0%
84 Vaucluse
0%
85 Vendée
0%
86 Vienne
0%
88 Vosges
0%
89 Yonne
0%
78 Yvelines
0%
Aucun quiz correspondant
Distribution des résultats
% des personnes avec chaque résultat
Percentile par nombre de réponses
Votre historique - résultats
Vous n’avez pas pris ce quiz depuis la dernière actualisation